Municipalities of Trinidad and Tobago (hard version) - Statistics

General Stats
  • This quiz has been taken 14 times
  • The average score is 9 of 15
Answer Stats
Answer % Correct
Diego Martin
100%
Port of Spain
100%
Chaguanas
75%
Point Fortin
75%
Princes Town
75%
San Juan-Laventille
75%
Arima
50%
Mayaro-Rio Claro
50%
Penal-Debe
50%
San Fernando
50%
Sangre Grande
50%
Siparia
50%
Tobago
50%
Tunapuna-Piarco
50%
Couva-Tabaquite-Talparo
25%
No matching quizzes found
Score Distribution
Percent of People with Each Score
Percentile by Number Answered
Your Score History
You have not taken this quiz